Mona Liza = Μόνα Λίζα

Ο Μπομπ Χόσκινς υποδύεται τον Τζωρτζ, έναν αποτυχημένο που προσλαμβάνεται ως σωφέρ για ένα αινιγματικό κωλ γκερλ της υψηλής κοινωνίας. Η έλξη που του προκαλεί τον οδηγεί σε μια επικίνδυνη αναζήτηση μέσα στο βρώμικο κέντρο του Λονδίνου, όπου ο έρωτας είναι μια αδυναμία που πρέπει να εξερευνήσει και...

Πλήρης περιγραφή

Αποθηκεύτηκε σε:
Λεπτομέρειες βιβλιογραφικής εγγραφής
Άλλοι συγγραφείς: Jordan, Neil, 1950- (Σεναριογράφος, Διευθυντής), Hoskins, Bob (Ηθοποιός), Caine, Michael (Ηθοποιός), Coltrane, Robbie (Ηθοποιός), Tyson, Cathy (Ηθοποιός)
Μορφή: Διαφάνειες
Γλώσσα:English
Greek
Δημοσίευση: Αθήνα : ArtFree, 2004.
Έκδοση:Ειδική συλλεκτική έκδ. widescreen.
Θέματα:
Ετικέτες: Προσθήκη ετικέτας
Δεν υπάρχουν, Καταχωρήστε ετικέτα πρώτοι!

MARC

LEADER 00000cgm a2200000 i 4500
001 1/1221
008 090901s2004 gr ||| | || ||eng||
035 |l 10105517 
040 |a GR-MyUa  |b gre  |e AACR2 
041 0 |a eng  |j gre 
082 7 |a 791.437   |2 (22) 
245 0 0 |a Mona Liza =   |h [μαγνητοσκόπηση] /   |b Μόνα Λίζα   |c σκηνοθεσία: Νηλ Τζόρνταν. 
246 1 |i Παράλληλος τίτλος:   |a Μόνα Λίζα  
250 |a Ειδική συλλεκτική έκδ. widescreen. 
260 |a Αθήνα :   |b ArtFree,   |c 2004. 
300 |a 1 βιντεοδίσκος (104 λεπτ.) :   |b ομίλ., έγχρ. ;   |c 4 3/4 ίν. 
500 |a Κυκλοφόρησε πρώτη φορά ως κινηματογραφική ταινία το 1985. 
508 |a Σενάριο, Νήλ Τζόρνταν και Ντέϊβιντ Λήλαντ ; τραγούδι "In too deep" από τους Genesis ; μουσική, Μάϊκλ Κάμεν ; εκτέλεση παραγωγής, Τζώρτζ Χάρισον και Ντένις Ο'Μπράϊαν ; παραγωγή, Στήβεν Γούλεϊ και Πάτρικ Κασσαβέτη. 
511 0 |a Μπομπ Χόσκινς, Κάθι Τάϊσον, Ρόμπι Κόλτρεην, Μάϊκλ Κέην. 
520 8 |a Ο Μπομπ Χόσκινς υποδύεται τον Τζωρτζ, έναν αποτυχημένο που προσλαμβάνεται ως σωφέρ για ένα αινιγματικό κωλ γκερλ της υψηλής κοινωνίας. Η έλξη που του προκαλεί τον οδηγεί σε μια επικίνδυνη αναζήτηση μέσα στο βρώμικο κέντρο του Λονδίνου, όπου ο έρωτας είναι μια αδυναμία που πρέπει να εξερευνήσει και να προδώσει. 
546 |a Στα αγγλικά με υπότιτλους στα ελληνικά. 
650 0 |a Prostitutes  |v Drama. 
655 7 |a Feature films  |2 lcgft 
700 1 |a Jordan, Neil,   |d 1950-  |e aus  |e drt 
700 1 |a Hoskins, Bob,  |e act 
700 1 |a Caine, Michael,  |e act 
700 1 |a Coltrane, Robbie,  |e act 
700 1 |a Tyson, Cathy,  |e act 
852 |a INST  |b SYROS  |c AV  |e 20090901  |h 791.437 JOR  |p 005500008229  |q 005500008229  |t DVD  |y 23 
901 |a BIBL5-2008-1 
922 |a 5ΕΛΗ  |b 200810  |c Βιβλιοθήκη Σύρου  |d DVD Club Enter 
970 |a Κοντού  |b Παρασκευή  |z 01/09/2009